| 000 | 00567nam a2200145Ia 4500 | ||
|---|---|---|---|
| 008 | 170221s9999 xx 000 0 und d | ||
| 100 | _aSergey Rasskazov | ||
| 245 | _aSocial Network Analysis as an Organizational Diagnostic Tool: The Case of Small Business in Russia | ||
| 245 | _cSergey Rasskazov, Mariia Rubtcova, Pavel Derugin, Nikolay Pruel, Valeriy Malychev | ||
| 260 | _bInternational Review of Management and Marketing | ||
| 260 | _c2016 | ||
| 300 | _a15 : 19 | ||
| 650 | _xMarketing. | ||
| 856 | _uhttp://www.econjournals.com/index.php/irmm/issue/view/64 | ||
| 999 |
_c312272 _d312272 |
||